[Event "Helsinki Chess Festival - U20"]
[Site "chess24.com"]
[Date "2019.08.14"]
[Round "2"]
[White "Keinanen, Toivo"]
[Black "Wartiovaara, Oliver"]
[Result "1-0"]
[Board "3"]
[WhiteFideId "509825"]
[WhiteTitle "FM"]
[WhiteElo "2389"]
[WhiteCountry "FIN"]
[WhiteEloChange "4"]
[BlackElo "2166"]
[BlackCountry "FIN"]
[BlackFideId "513024"]
[BlackEloChange "-4"]

1. b3 {[%clk 1:30:30]} c5 {[%clk 1:29:34]} 2. Bb2 {[%clk 1:31:00]} Nc6 {[%clk
1:29:59]} 3. Nf3 {[%clk 1:31:24]} d6 {[%clk 1:30:24]} 4. d4 {[%clk 1:31:54]} cxd4
{[%clk 1:30:49]} 5. Nxd4 {[%clk 1:32:19]} Nf6 {[%clk 1:31:14]} 6. g3 {[%clk
1:32:44]} Bd7 {[%clk 1:23:30]} 7. Nf3 e6 {[%clk 1:24:00]} 8. Bg2 Be7 {[%clk
1:24:30]} 9. O-O O-O {[%clk 1:25:00]} 10. c4 a6 {[%clk 1:25:30]} 11. Nbd2 b5
{[%clk 1:26:00]} 12. Rc1 b4 {[%clk 1:26:30]} 13. Bxf6 gxf6 {[%clk 1:27:00]} 14.
Ne4 Qc7 {[%clk 1:27:30]} 15. Qd2 f5 {[%clk 1:28:00]} 16. Nxd6 Bf6 {[%clk
1:28:30]} 17. Rfd1 Rfd8 {[%clk 1:29:00]} 18. Qh6 Bg7 {[%clk 1:29:30]} 19. Qh5 f6
{[%clk 1:30:00]} 20. c5 Rab8 {[%clk 1:30:30]} 21. Nd4 Ne5 {[%clk 1:31:00]} 22. f4
Ng6 {[%clk 1:31:30]} 23. N4xf5 exf5 {[%clk 1:32:00]} 24. Bd5+ Kf8 {[%clk
1:32:30]} 25. Qxh7 Ne7 {[%clk 1:33:00]} 26. Qh5 Nxd5 {[%clk 1:33:30]} 27. Qf7#
1-0

[Event "Helsinki Chess Festival - U20"]
[Site "chess24.com"]
[Date "2019.08.14"]
[Round "2"]
[White "Semjonovs, Ilja"]
[Black "Juksta, Karolis"]
[Result "0-1"]
[Board "4"]
[WhiteFideId "11604263"]
[WhiteTitle "FM"]
[WhiteElo "2370"]
[WhiteCountry "LAT"]
[WhiteEloChange "-13"]
[BlackFideId "12809039"]
[BlackElo "2259"]
[BlackCountry "LTU"]
[BlackEloChange "13"]

1. e4 {[%clk 1:30:30]} e6 {[%clk 1:30:30]} 2. d4 {[%clk 1:30:54]} d5 {[%clk
1:31:00]} 3. Nc3 {[%clk 1:31:19]} Nf6 {[%clk 1:31:30]} 4. Bg5 {[%clk 1:31:44]}
Be7 {[%clk 1:31:54]} 5. e5 {[%clk 1:32:14]} Nfd7 {[%clk 1:32:19]} 6. Bxe7 {[%clk
1:32:44]} Qxe7 {[%clk 1:32:44]} 7. f4 {[%clk 1:33:09]} O-O {[%clk 1:33:14]} 8.
Nf3 {[%clk 1:33:29]} c5 {[%clk 1:33:44]} 9. Nb5 {[%clk 1:33:44]} Nc6 {[%clk
1:34:14]} 10. c3 {[%clk 1:34:09]} f6 {[%clk 1:34:39]} 11. Bd3 {[%clk 1:34:14]}
fxe5 {[%clk 1:35:09]} 12. fxe5 {[%clk 1:34:39]} cxd4 {[%clk 1:35:39]} 13. cxd4
{[%clk 1:35:04]} Nb6 {[%clk 1:36:09]} 14. Nd6 {[%clk 1:35:19]} Bd7 {[%clk
1:36:34]} 15. O-O {[%clk 1:35:44]} Be8 {[%clk 1:36:54]} 16. Qd2 {[%clk 1:36:04]}
Bh5 {[%clk 1:37:19]} 17. Ng5 {[%clk 1:36:29]} h6 {[%clk 1:37:49]} 18. Nh3 {[%clk
1:36:54]} Nxd4 {[%clk 1:38:19]} 19. Nf4 {[%clk 1:37:03]} Qg5 {[%clk 1:38:44]} 20.
Bh7+ {[%clk 1:37:03]} Kxh7 {[%clk 1:39:09]} 21. Qxd4 {[%clk 1:37:33]} Bg4 {[%clk
1:39:39]} 22. Rae1 {[%clk 1:37:48]} Nc8 {[%clk 1:39:19]} 23. h4 {[%clk 1:38:08]}
Qd8 {[%clk 1:39:49]} 24. Qd3+ {[%clk 1:38:33]} Kg8 {[%clk 1:40:14]} 25. Qg3
{[%clk 1:38:58]} Nxd6 {[%clk 1:40:44]} 26. exd6 {[%clk 1:39:23]} Bf5 {[%clk
1:41:14]} 0-1

[Event "Helsinki Chess Festival - U20"]
[Site "chess24.com"]
[Date "2019.08.14"]
[Round "2"]
[White "Apol, Luitjen Akselsson"]
[Black "Ingebretsen, Jens E"]
[Result "1-0"]
[Board "5"]
[WhiteFideId "7202466"]
[WhiteElo "2059"]
[WhiteCountry "FAI"]
[WhiteEloChange "16"]
[BlackFideId "1522965"]
[BlackTitle "FM"]
[BlackElo "2277"]
[BlackCountry "NOR"]
[BlackEloChange "-16"]

1. e4 {[%clk 1:30:43]} e5 {[%clk 1:30:52]} 2. Nf3 {[%clk 1:30:48]} Nc6 {[%clk
1:31:14]} 3. Bb5 {[%clk 1:30:48]} a6 {[%clk 1:31:37]} 4. Ba4 {[%clk 1:30:49]} Nf6
{[%clk 1:32:02]} 5. d3 {[%clk 1:30:52]} b5 {[%clk 1:31:31]} 6. Bb3 {[%clk
1:31:08]} Be7 {[%clk 1:31:57]} 7. O-O {[%clk 1:30:44]} O-O {[%clk 1:32:22]} 8.
Re1 {[%clk 1:30:17]} d6 {[%clk 1:32:47]} 9. c3 {[%clk 1:30:34]} Na5 {[%clk
1:33:12]} 10. Bc2 {[%clk 1:30:48]} c5 {[%clk 1:33:37]} 11. Nbd2 {[%clk 1:31:01]}
Bd7 {[%clk 1:30:18]} 12. Nf1 {[%clk 1:30:40]} c4 {[%clk 1:26:25]} 13. d4 {[%clk
1:27:27]} Qc7 {[%clk 1:26:30]} 14. h3 {[%clk 1:26:39]} Rfd8 {[%clk 1:24:23]} 15.
Ng3 {[%clk 1:22:39]} h6 {[%clk 1:12:55]} 16. Nh4 {[%clk 1:17:35]} Bf8 {[%clk
1:09:13]} 17. Qf3 {[%clk 1:14:43]} Nh7 {[%clk 0:11:34]} 18. Nhf5 {[%clk 1:07:34]}
Nc6 {[%clk 1:01:17]} 19. d5 {[%clk 1:04:05]} Ne7 {[%clk 1:01:13]} 20. Be3 {[%clk
0:55:40]} Rab8 {[%clk 0:57:51]} 21. Nxe7+ {[%clk 0:50:49]} Bxe7 {[%clk 0:58:19]}
22. Nh5 {[%clk 0:41:05]} Bg5 {[%clk 0:53:58]} 23. Qg3 {[%clk 0:33:01]} g6 {[%clk
0:52:17]} 24. f4 {[%clk 0:33:19]} exf4 {[%clk 0:47:54]} 25. Nxf4 {[%clk 0:33:33]}
Nf6 {[%clk 0:47:25]} 26. Rf1 {[%clk 0:24:40]} Bc8 {[%clk 0:44:09]} 27. Bd4 {[%clk
0:22:41]} Rf8 {[%clk 0:39:18]} 28. h4 {[%clk 0:21:36]} Bxf4 {[%clk 0:39:35]} 29.
Qxf4 {[%clk 0:21:56]} Ng4 {[%clk 0:39:24]} 30. Bd1 {[%clk 0:21:54]} Ne5 {[%clk
0:39:19]} 31. Qxh6 {[%clk 0:21:45]} Qe7 {[%clk 0:38:57]} 32. Be2 {[%clk 0:14:17]}
Bd7 {[%clk 0:37:19]} 33. Rf4 {[%clk 0:12:52]} Rfe8 {[%clk 0:35:41]} 34. Raf1
{[%clk 0:12:15]} Qf8 {[%clk 0:35:45]} 35. Qg5 {[%clk 0:10:36]} Qe7 {[%clk
0:36:06]} 36. Rf6 {[%clk 0:10:20]} Bc8 {[%clk 0:34:24]} 37. h5 {[%clk 0:09:36]}
Rb7 {[%clk 0:31:51]} 38. hxg6 {[%clk 0:09:13]} fxg6 {[%clk 0:32:15]} 39. Rxg6+
{[%clk 0:09:15]} Qg7 {[%clk 0:32:24]} 40. Rxg7+ {[%clk 0:38:59]} Rxg7 {[%clk
1:02:47]} 41. Qh5 {[%clk 0:37:52]} Ree7 {[%clk 1:03:06]} 42. Rf6 {[%clk 0:36:23]}
Bd7 {[%clk 1:02:55]} 43. Rh6 {[%clk 0:35:12]} Rh7 {[%clk 1:03:20]} 44. Qg5+
{[%clk 0:30:31]} Rhg7 {[%clk 1:02:30]} 45. Qh4 {[%clk 0:30:51]} Bg4 {[%clk
1:02:35]} 46. Bxg4 {[%clk 0:30:52]} 1-0

[Event "Helsinki Chess Festival - U20"]
[Site "chess24.com"]
[Date "2019.08.15"]
[Round "3"]
[White "Juksta, Karolis"]
[Black "Apol, Luitjen Akselsson"]
[Result "1-0"]
[Board "2"]
[WhiteElo "2259"]
[WhiteCountry "LTU"]
[WhiteFideId "12809039"]
[WhiteEloChange "5"]
[BlackElo "2059"]
[BlackCountry "FAI"]
[BlackFideId "7202466"]
[BlackEloChange "-5"]

1. e4 {[%clk 1:30:57]} c5 {[%clk 1:30:50]} 2. c3 {[%clk 1:31:04]} Nf6 {[%clk
1:30:26]} 3. e5 {[%clk 1:31:05]} Nd5 {[%clk 1:30:24]} 4. d4 {[%clk 1:31:29]} cxd4
{[%clk 1:29:56]} 5. Nf3 {[%clk 1:31:54]} e6 {[%clk 1:29:03]} 6. cxd4 {[%clk
1:32:18]} d6 {[%clk 1:28:54]} 7. Bc4 {[%clk 1:31:14]} Be7 {[%clk 1:28:03]} 8. O-O
{[%clk 1:30:24]} O-O {[%clk 1:27:14]} 9. Qe2 {[%clk 1:27:52]} b6 {[%clk 1:25:36]}
10. Nbd2 {[%clk 1:23:20]} Bb7 {[%clk 1:23:17]} 11. Ne4 {[%clk 1:20:47]} dxe5
{[%clk 1:20:13]} 12. dxe5 {[%clk 1:18:43]} Nd7 {[%clk 1:18:10]} 13. Bd2 {[%clk
1:12:53]} Qb8 {[%clk 1:14:19]} 14. Ng3 {[%clk 1:09:15]} Rd8 {[%clk 1:06:28]} 15.
a3 {[%clk 1:06:31]} Nf8 {[%clk 1:02:13]} 16. Ne1 {[%clk 0:55:26]} Ng6 {[%clk
0:54:31]} 17. f4 {[%clk 0:54:32]} Bc6 {[%clk 0:46:56]} 18. Kh1 {[%clk 0:50:35]}
b5 {[%clk 0:40:44]} 19. Bd3 {[%clk 0:48:36]} Qb7 {[%clk 0:37:36]} 20. f5 {[%clk
0:45:56]} exf5 {[%clk 0:34:56]} 21. Nxf5 {[%clk 0:45:27]} Nc7 {[%clk 0:29:25]}
22. Nxe7+ {[%clk 0:44:53]} Nxe7 {[%clk 0:29:40]} 23. Bg5 {[%clk 0:42:17]} Re8
{[%clk 0:26:46]} 24. Bxh7+ {[%clk 0:41:47]} Kf8 {[%clk 0:16:27]} 25. e6 {[%clk
0:39:21]} f5 {[%clk 0:12:18]} 26. Bxf5 {[%clk 0:38:33]} Nxf5 {[%clk 0:12:32]} 27.
Rxf5+ {[%clk 0:35:24]} Kg8 {[%clk 0:12:55]} 28. e7 {[%clk 0:35:17]} Rac8 {[%clk
0:07:09]} 29. Rd1 {[%clk 0:34:30]} Be4 {[%clk 0:04:11]} 30. Re5 {[%clk 0:34:03]}
Bg6 {[%clk 0:04:01]} 31. Qg4 {[%clk 0:32:28]} Qa6 {[%clk 0:03:20]} 32. Qb4 {[%clk
0:26:59]} Qb7 {[%clk 0:02:49]} 33. Rd6 {[%clk 0:25:49]} Bf7 {[%clk 0:03:03]} 34.
Qg4 {[%clk 0:25:46]} Na6 {[%clk 0:00:47]} 35. Bh6 {[%clk 0:26:03]} Bg6 {[%clk
0:00:33]} 36. Rxg6 {[%clk 0:26:02]} 1-0

[Event "Helsinki Chess Festival - U20"]
[Site "chess24.com"]
[Date "2019.08.15"]
[Round "3"]
[White "Wartiovaara, Oliver"]
[Black "Semjonovs, Ilja"]
[Result "1/2-1/2"]
[Board "3"]
[WhiteElo "2166"]
[WhiteCountry "FIN"]
[WhiteFideId "513024"]
[WhiteEloChange "5"]
[BlackTitle "FM"]
[BlackElo "2370"]
[BlackCountry "LAT"]
[BlackFideId "11604263"]
[BlackEloChange "-5"]

1. d4 {[%clk 1:26:06]} Nf6 {[%clk 1:30:53]} 2. c4 {[%clk 1:26:33]} g6 {[%clk
1:31:18]} 3. Nc3 {[%clk 1:21:20]} d5 {[%clk 1:31:26]} 4. cxd5 {[%clk 1:21:42]}
Nxd5 {[%clk 1:31:51]} 5. e4 {[%clk 1:21:54]} Nxc3 {[%clk 1:32:01]} 6. bxc3 {[%clk
1:22:18]} Bg7 {[%clk 1:32:24]} 7. Nf3 {[%clk 1:22:16]} c5 {[%clk 1:32:30]} 8. Be2
{[%clk 1:21:31]} Nc6 {[%clk 1:18:58]} 9. Rb1 {[%clk 1:17:07]} O-O {[%clk
1:12:44]} 10. d5 {[%clk 1:17:27]} Ne5 {[%clk 1:12:36]} 11. Bd2 {[%clk 1:05:44]}
Nxf3+ {[%clk 0:45:47]} 12. Bxf3 {[%clk 1:04:55]} e6 {[%clk 0:46:05]} 13. O-O
{[%clk 1:04:25]} Qd6 {[%clk 0:39:03]} 14. c4 {[%clk 0:49:15]} e5 {[%clk 0:36:48]}
15. Bg4 {[%clk 0:46:55]} f5 {[%clk 0:36:29]} 16. Bh3 {[%clk 0:47:14]} b6 {[%clk
0:35:20]} 17. a4 {[%clk 0:43:03]} Bd7 {[%clk 0:35:24]} 18. f3 {[%clk 0:39:01]}
Rf7 {[%clk 0:24:03]} 19. Qb3 {[%clk 0:34:15]} Raf8 {[%clk 0:21:35]} 20. Qa3
{[%clk 0:22:36]} Bf6 {[%clk 0:13:41]} 21. a5 {[%clk 0:22:23]} Bd8 {[%clk
0:13:59]} 22. axb6 {[%clk 0:19:25]} axb6 {[%clk 0:14:25]} 23. Qa6 {[%clk
0:12:00]} Kg7 {[%clk 0:12:16]} 24. f4 {[%clk 0:09:17]} fxe4 {[%clk 0:11:10]} 25.
Bxd7 {[%clk 0:09:41]} Qxd7 {[%clk 0:07:19]} 26. Bc3 {[%clk 0:10:01]} Kh6 {[%clk
0:05:43]} 27. Bxe5 {[%clk 0:06:02]} Bf6 {[%clk 0:01:03]} 28. Qa1 {[%clk 0:06:12]}
Bxe5 {[%clk 0:00:49]} 29. fxe5 {[%clk 0:06:26]} Rf5 {[%clk 0:00:36]} 30. e6
{[%clk 0:05:21]} Qd6 {[%clk 0:00:49]} 31. Qc3 {[%clk 0:05:28]} b5 {[%clk
0:00:39]} 32. Qe3+ {[%clk 0:03:45]} Kg7 {[%clk 0:00:33]} 33. Rxf5 {[%clk
0:03:39]} Rxf5 {[%clk 0:00:56]} 34. Rxb5 {[%clk 0:03:34]} Qe5 {[%clk 0:00:42]}
35. Rb7+ {[%clk 0:03:06]} Kg8 {[%clk 0:00:55]} 36. Rb1 {[%clk 0:03:05]} Kg7
{[%clk 0:00:32]} 37. Re1 {[%clk 0:02:04]} Qb2 {[%clk 0:00:32]} 38. h3 {[%clk
0:02:03]} Re5 {[%clk 0:00:50]} 39. Kh2 {[%clk 0:00:47]} Qd4 {[%clk 0:01:14]} 40.
Qe2 {[%clk 0:30:39]} e3 {[%clk 0:31:14]} 41. Rf1 {[%clk 0:27:18]} Rf5 {[%clk
0:30:34]} 42. Re1 {[%clk 0:25:02]} Re5 {[%clk 0:28:46]} 43. Kg1 {[%clk 0:24:39]}
Qd2 {[%clk 0:27:51]} 44. Kh2 {[%clk 0:21:37]} Qd4 {[%clk 0:26:26]} 45. Rd1 {[%clk
0:21:05]} Qf4+ {[%clk 0:24:38]} 46. Kg1 {[%clk 0:21:20]} Re4 {[%clk 0:21:23]} 47.
Rf1 {[%clk 0:18:50]} Qe5 {[%clk 0:21:22]} 48. Rf7+ {[%clk 0:18:59]} Kh6 {[%clk
0:21:23]} 49. Rf3 {[%clk 0:16:18]} 1/2-1/2

[Event "Helsinki Chess Festival - U20"]
[Site "chess24.com"]
[Date "2019.08.15"]
[Round "3"]
[White "Heimisson, Hilmir Freyr"]
[Black "Keinanen, Toivo"]
[Result "0-1"]
[Board "4"]
[WhiteTitle "FM"]
[WhiteElo "2258"]
[WhiteCountry "ISL"]
[WhiteFideId "2309998"]
[WhiteEloChange "-6"]
[BlackTitle "FM"]
[BlackElo "2389"]
[BlackCountry "FIN"]
[BlackFideId "509825"]
[BlackEloChange "6"]

1. d4 {[%clk 0:17:48]} d5 {[%clk 0:00:04]} 2. c4 {[%clk 0:00:05]} e6 {[%clk
0:00:03]} 3. Nc3 {[%clk 0:00:04]} Be7 {[%clk 0:00:20]} 4. Nf3 {[%clk 0:00:06]}
Nf6 {[%clk 0:00:04]} 5. Bf4 {[%clk 0:00:04]} O-O {[%clk 0:00:14]} 6. e3 {[%clk
0:00:03]} c5 {[%clk 0:00:03]} 7. dxc5 {[%clk 0:00:23]} Bxc5 {[%clk 0:00:08]} 8.
a3 {[%clk 0:00:25]} Nc6 {[%clk 0:00:34]} 9. Qc2 {[%clk 0:01:08]} Re8 {[%clk
0:00:55]} 10. O-O-O {[%clk 0:40:58]} e5 {[%clk 0:00:28]} 11. cxd5 {[%clk
0:05:21]} exf4 {[%clk 0:02:00]} 12. dxc6 {[%clk 0:00:12]} Qc7 {[%clk 0:08:35]}
13. Nd5 {[%clk 0:21:04]} Qxc6 {[%clk 0:09:54]} 14. Nxf6+ {[%clk 0:05:45]} Qxf6
{[%clk 0:02:22]} 15. Rd5 {[%clk 0:02:53]} Bb6 {[%clk 0:09:45]} 16. Ng5 {[%clk
0:07:44]} g6 {[%clk 0:03:21]} 17. Ne4 {[%clk 0:03:57]} Qe7 {[%clk 0:01:37]} 18.
Nc3 {[%clk 0:03:10]} fxe3 {[%clk 0:03:34]} 19. Bb5 {[%clk 0:02:08]} Rf8 {[%clk
0:04:32]} 20. fxe3 {[%clk 0:01:04]} Qxe3+ {[%clk 0:00:42]} 21. Kb1 {[%clk
0:01:11]} Be6 {[%clk 0:00:23]} 22. Rhd1 {[%clk 0:01:54]} Bxd5 {[%clk 0:07:02]}
23. Nxd5 {[%clk 0:00:27]} Qe5 {[%clk 0:00:05]} 24. Qb3 {[%clk 0:01:11]} Rad8
{[%clk 0:01:24]} 25. Bc4 {[%clk 0:00:36]} Bd4 {[%clk 0:01:32]} 26. a4 {[%clk
0:00:36]} b6 {[%clk 0:02:25]} 27. Rf1 {[%clk 0:00:56]} Bxb2 {[%clk 0:02:58]} 28.
Nf6+ {[%clk 0:00:34]} Qxf6 {[%clk 0:00:19]} 29. Rxf6 {[%clk 0:00:20]} Bxf6 {[%clk
0:00:01]} 30. Bd5 {[%clk 0:00:27]} Rd7 {[%clk 0:00:38]} 0-1

[Event "Helsinki Chess Festival - U20"]
[Site "chess24.com"]
[Date "2019.08.15"]
[Round "3"]
[White "Liu, Casper"]
[Black "Timoshin, Andrei"]
[Result "0-1"]
[Board "5"]
[WhiteElo "2130"]
[WhiteCountry "DEN"]
[WhiteFideId "1454153"]
[WhiteEloChange "-9"]
[BlackElo "2154"]
[BlackCountry "EST"]
[BlackFideId "4503503"]
[BlackEloChange "9"]

1. d4 {[%clk 1:30:58]} d5 {[%clk 1:30:51]} 2. Bf4 {[%clk 1:31:23]} Nf6 {[%clk
1:31:10]} 3. e3 {[%clk 1:31:48]} e6 {[%clk 1:31:24]} 4. Nf3 {[%clk 1:32:13]} Bd6
{[%clk 1:31:44]} 5. Bg3 {[%clk 1:32:39]} c5 {[%clk 1:32:01]} 6. Bb5+ {[%clk
1:33:05]} Nc6 {[%clk 1:31:42]} 7. c3 {[%clk 1:33:30]} O-O {[%clk 1:29:36]} 8.
Nbd2 {[%clk 1:33:45]} Qe7 {[%clk 1:24:53]} 9. Bxc6 {[%clk 1:30:30]} bxc6 {[%clk
1:25:18]} 10. Qa4 {[%clk 1:30:56]} cxd4 {[%clk 0:36:25]} 11. Bxd6 {[%clk
1:29:42]} Qxd6 {[%clk 0:36:52]} 12. cxd4 {[%clk 1:29:51]} Bd7 {[%clk 0:37:01]}
13. Qc2 {[%clk 1:28:56]} Rfc8 {[%clk 0:37:25]} 14. Rc1 {[%clk 1:26:39]} Rab8
{[%clk 0:33:43]} 15. O-O {[%clk 1:26:22]} Rb5 {[%clk 0:33:02]} 16. Nb3 {[%clk
1:25:14]} Rcb8 {[%clk 0:30:10]} 17. Ne5 {[%clk 1:22:30]} a5 {[%clk 0:26:43]} 18.
Nd3 {[%clk 1:22:21]} Ng4 {[%clk 0:19:44]} 19. g3 {[%clk 1:21:46]} e5 {[%clk
0:19:47]} 20. h3 {[%clk 1:04:56]} e4 {[%clk 0:19:50]} 21. Ndc5 {[%clk 1:04:44]}
Nf6 {[%clk 0:17:47]} 22. Kg2 {[%clk 1:03:42]} Bc8 {[%clk 0:17:02]} 23. a4 {[%clk
0:58:01]} Rb4 {[%clk 0:16:39]} 24. Nxa5 {[%clk 0:58:06]} Rxb2 {[%clk 0:15:53]}
25. Qc3 {[%clk 0:58:33]} Nh5 {[%clk 0:10:50]} 26. Rc2 {[%clk 0:58:13]} R2b6
{[%clk 0:08:06]} 27. Nab3 {[%clk 0:47:14]} Qf6 {[%clk 0:09:46]} 28. f4 {[%clk
0:40:29]} exf3+ {[%clk 0:04:41]} 29. Rxf3 {[%clk 0:40:55]} Bxh3+ {[%clk 0:04:51]}
30. Kf2 {[%clk 0:40:16]} Qg6 {[%clk 0:04:16]} 31. e4 {[%clk 0:31:25]} dxe4 {[%clk
0:03:53]} 32. Re3 {[%clk 0:31:53]} Qf6+ {[%clk 0:03:16]} 33. Kg1 {[%clk 0:32:18]}
Qf1+ {[%clk 0:02:42]} 34. Kh2 {[%clk 0:32:44]} Nf6 {[%clk 0:02:11]} 0-1

[Event "Helsinki Chess Festival - U20"]
[Site "chess24.com"]
[Date "2019.08.15"]
[Round "4"]
[White "Askerov, Marat"]
[Black "Timoshin, Andrei"]
[Result "1-0"]
[Board "1"]
[WhiteTitle "FM"]
[WhiteElo "2327"]
[WhiteCountry "RUS"]
[WhiteFideId "24175200"]
[WhiteEloChange "5"]
[BlackElo "2154"]
[BlackCountry "EST"]
[BlackFideId "4503503"]
[BlackEloChange "-5"]

1. d4 {[%clk 1:30:27]} d5 {[%clk 1:30:51]} 2. c4 {[%clk 1:30:52]} c6 {[%clk
1:31:18]} 3. cxd5 {[%clk 1:31:20]} cxd5 {[%clk 1:31:40]} 4. Bf4 {[%clk 1:31:46]}
Nf6 {[%clk 1:31:49]} 5. Nc3 {[%clk 1:31:45]} Nc6 {[%clk 1:32:14]} 6. e3 {[%clk
1:32:11]} e6 {[%clk 1:30:30]} 7. Bd3 {[%clk 1:32:06]} Bd6 {[%clk 1:30:07]} 8.
Bxd6 {[%clk 1:32:30]} Qxd6 {[%clk 1:30:30]} 9. f4 {[%clk 1:32:52]} a6 {[%clk
1:27:24]} 10. Nf3 {[%clk 1:31:56]} b5 {[%clk 0:01:14]} 11. O-O {[%clk 1:25:01]}
O-O {[%clk 1:27:34]} 12. Rc1 {[%clk 1:23:08]} Bb7 {[%clk 1:27:48]} 13. Ne5 {[%clk
1:22:07]} Ne7 {[%clk 1:23:24]} 14. Qf3 {[%clk 0:12:33]} Qb4 {[%clk 1:18:35]} 15.
Rc2 {[%clk 1:08:54]} Nf5 {[%clk 0:24:29]} 16. g4 {[%clk 0:32:44]} Nd6 {[%clk
1:17:59]} 17. g5 {[%clk 0:31:41]} Nfe4 {[%clk 1:18:09]} 18. Qh5 {[%clk 0:30:46]}
Nf5 {[%clk 0:40:13]} 19. Rf3 {[%clk 0:28:18]} g6 {[%clk 0:39:57]} 20. Qh3 {[%clk
0:28:41]} Qe7 {[%clk 0:33:02]} 21. Bxe4 {[%clk 0:20:10]} dxe4 {[%clk 0:33:17]}
22. Ng4 {[%clk 0:19:33]} exf3 {[%clk 0:25:33]} 23. Nf6+ {[%clk 0:19:46]} Qxf6
{[%clk 0:26:00]} 24. gxf6 {[%clk 0:20:12]} Nxe3 {[%clk 0:26:16]} 25. Nd1 {[%clk
0:08:10]} Nf5 {[%clk 0:23:59]} 26. Rc5 {[%clk 0:04:04]} h5 {[%clk 0:23:59]} 27.
Ne3 {[%clk 0:05:54]} Rac8 {[%clk 0:10:21]} 28. Nxf5 {[%clk 0:04:35]} exf5 {[%clk
0:10:38]} 29. Qf1 {[%clk 0:04:10]} Rfe8 {[%clk 0:07:27]} 30. Qc1 {[%clk 0:02:30]}
Rcd8 {[%clk 0:05:42]} 31. Re5 {[%clk 0:02:56]} Rxe5 {[%clk 0:03:46]} 32. fxe5
{[%clk 0:02:57]} f4 {[%clk 0:00:33]} 33. Qc7 {[%clk 0:03:01]} Rxd4 {[%clk
0:00:32]} 34. Qxb7 {[%clk 0:03:21]} g5 {[%clk 0:00:33]} 35. e6 {[%clk 0:03:29]}
Rd1+ {[%clk 0:00:36]} 36. Kf2 {[%clk 0:03:54]} Rd2+ {[%clk 0:00:56]} 37. Kxf3
{[%clk 0:04:19]} g4+ {[%clk 0:00:39]} 38. Kxf4 {[%clk 0:04:45]} Rf2+ {[%clk
0:00:59]} 39. Kg5 {[%clk 0:05:11]} 1-0

[Event "Helsinki Chess Festival - U20"]
[Site "chess24.com"]
[Date "2019.08.15"]
[Round "4"]
[White "Semjonovs, Ilja"]
[Black "Heimisson, Hilmir Freyr"]
[Result "1-0"]
[Board "3"]
[WhiteTitle "FM"]
[WhiteElo "2370"]
[WhiteCountry "LAT"]
[WhiteFideId "11604263"]
[WhiteEloChange "7"]
[BlackTitle "FM"]
[BlackElo "2258"]
[BlackCountry "ISL"]
[BlackFideId "2309998"]
[BlackEloChange "-7"]

1. e4 {[%clk 1:30:53]} c5 {[%clk 1:30:52]} 2. Nf3 {[%clk 1:31:06]} Nc6 {[%clk
1:31:16]} 3. Nc3 {[%clk 1:31:26]} e5 {[%clk 1:30:08]} 4. Bc4 {[%clk 1:31:40]} Be7
{[%clk 1:30:25]} 5. d3 {[%clk 1:32:02]} d6 {[%clk 1:30:36]} 6. O-O {[%clk
1:31:50]} Nf6 {[%clk 1:30:29]} 7. Ng5 {[%clk 1:31:56]} O-O {[%clk 1:30:55]} 8. f4
{[%clk 1:32:19]} Nd4 {[%clk 1:30:20]} 9. h3 {[%clk 1:17:02]} exf4 {[%clk
1:21:21]} 10. Bxf4 {[%clk 1:17:00]} d5 {[%clk 1:21:50]} 11. exd5 {[%clk 1:13:44]}
b5 {[%clk 1:22:03]} 12. d6 {[%clk 0:52:45]} Bxd6 {[%clk 1:17:25]} 13. Nxf7 {[%clk
0:49:51]} Rxf7 {[%clk 1:17:40]} 14. Bxf7+ {[%clk 0:50:16]} Kxf7 {[%clk 1:18:03]}
15. Bxd6 {[%clk 0:50:44]} Qxd6 {[%clk 1:01:10]} 16. Ne4 {[%clk 0:50:58]} Qe5
{[%clk 0:54:20]} 17. c3 {[%clk 0:50:26]} Ne6 {[%clk 0:53:27]} 18. Qf3 {[%clk
0:48:56]} Nc7 {[%clk 0:12:44]} 19. Rae1 {[%clk 0:45:27]} Qd5 {[%clk 0:12:12]} 20.
Qg3 {[%clk 0:43:24]} Ne8 {[%clk 0:10:24]} 21. Ng5+ {[%clk 0:34:41]} Kg8 {[%clk
0:10:42]} 22. Re7 {[%clk 0:33:15]} Bf5 {[%clk 0:05:15]} 23. Ne6 {[%clk 0:14:58]}
Qxe6 {[%clk 0:01:20]} 24. Rxe6 {[%clk 0:15:08]} Bxe6 {[%clk 0:01:48]} 25. Qe5
{[%clk 0:15:03]} Bd5 {[%clk 0:01:29]} 26. g4 {[%clk 0:14:11]} h6 {[%clk 0:01:12]}
27. h4 {[%clk 0:14:31]} Bxa2 {[%clk 0:00:40]} 28. g5 {[%clk 0:14:50]} hxg5 {[%clk
0:00:49]} 29. hxg5 {[%clk 0:15:15]} Nh7 {[%clk 0:00:34]} 30. c4 {[%clk 0:14:42]}
Rd8 {[%clk 0:00:34]} 31. Qe7 {[%clk 0:14:26]} Ra8 {[%clk 0:00:54]} 32. Qe6+
{[%clk 0:08:59]} Kh8 {[%clk 0:01:13]} 33. g6 {[%clk 0:09:01]} Nef6 {[%clk
0:00:54]} 34. gxh7 {[%clk 0:07:42]} Nxh7 {[%clk 0:00:46]} 35. Ra1 {[%clk
0:07:00]} Bb3 {[%clk 0:01:06]} 36. Qc6 {[%clk 0:06:56]} Rf8 {[%clk 0:01:09]} 37.
Qxc5 {[%clk 0:06:54]} bxc4 {[%clk 0:01:26]} 38. dxc4 {[%clk 0:07:11]} Bc2 {[%clk
0:01:27]} 39. Rxa7 {[%clk 0:07:12]} 1-0

[Event "Helsinki Chess Festival - U20"]
[Site "chess24.com"]
[Date "2019.08.15"]
[Round "4"]
[White "Apol, Luitjen Akselsson"]
[Black "Wartiovaara, Oliver"]
[Result "1-0"]
[Board "4"]
[WhiteElo "2059"]
[WhiteCountry "FAI"]
[WhiteFideId "7202466"]
[WhiteEloChange "13"]
[BlackElo "2166"]
[BlackCountry "FIN"]
[BlackFideId "513024"]
[BlackEloChange "-13"]

1. e4 {[%clk 0:00:28]} e6 {[%clk 0:01:09]} 2. d4 {[%clk 0:00:39]} d5 {[%clk
0:00:04]} 3. Nd2 {[%clk 0:00:31]} Nc6 {[%clk 0:00:09]} 4. Ngf3 {[%clk 0:06:14]}
Nf6 {[%clk 0:00:04]} 5. e5 {[%clk 0:01:00]} Nd7 {[%clk 0:00:04]} 6. c3 {[%clk
0:01:13]} f6 {[%clk 0:00:15]} 7. exf6 {[%clk 0:00:48]} Qxf6 {[%clk 0:00:10]} 8.
Be2 {[%clk 0:06:17]} Bd6 {[%clk 0:00:18]} 9. O-O {[%clk 0:01:29]} O-O {[%clk
0:00:05]} 10. Re1 {[%clk 0:02:44]} g5 {[%clk 0:28:56]} 11. Rf1 {[%clk 0:13:39]}
e5 {[%clk 0:09:25]} 12. dxe5 {[%clk 0:05:02]} Ndxe5 {[%clk 0:00:54]} 13. c4
{[%clk 0:05:41]} g4 {[%clk 0:18:52]} 14. Nxe5 {[%clk 0:00:57]} Nxe5 {[%clk
0:02:49]} 15. Qb3 {[%clk 0:09:03]} Qh4 {[%clk 0:09:56]} 16. g3 {[%clk 0:04:05]}
Qh3 {[%clk 0:00:27]} 17. c5 {[%clk 0:00:59]} Nf3+ {[%clk 0:04:45]} 18. Nxf3
{[%clk 0:00:53]} gxf3 {[%clk 0:00:21]} 19. Bxf3 {[%clk 0:00:44]} Rxf3 {[%clk
0:01:55]} 20. Qxf3 {[%clk 0:01:01]} Be7 {[%clk 0:00:25]} 21. Re1 {[%clk 0:02:24]}
Bg4 {[%clk 0:03:05]} 22. Qxd5+ {[%clk 0:00:10]} Kf8 {[%clk 0:00:04]} 23. Qe5
{[%clk 0:03:58]} Re8 {[%clk 0:00:36]} 24. Bg5 {[%clk 0:01:59]} Bxg5 {[%clk
0:00:16]} 25. Qh8+ {[%clk 0:01:34]} Kf7 {[%clk 0:00:04]} 26. Rxe8 {[%clk
0:00:10]} Kg6 {[%clk 0:02:18]} 27. Rae1 {[%clk 0:05:14]} Bf3 {[%clk 0:01:40]} 28.
Rg8+ {[%clk 0:00:13]} Kh5 {[%clk 0:01:34]} 29. Qxh7+ {[%clk 0:00:11]} Bh6 {[%clk
0:00:25]} 30. Qf7# {[%clk 0:00:06]} 1-0